000 00604nam a2200253Ia 4500
005 20260121155400.0
008 008 260114s9999 xx 000 0 eng d
020 _a9780429322020
037 _aEBOOK
040 _aCRL
040 _beng
040 _cCRL
041 _2eng
041 _aeng
084 _qCRL
100 _a Raj Balkaran
_91018830
245 4 _aThe Goddess and the Sun in Indian Myth
260 _bTaylor and Francis
260 _c2020
856 _uhttp://www.taylorfrancis.com/books/9780429322020
942 _cEBOOK
999 _c1585649
_d1585649